<?xml version="1.0" encoding="UTF-8"?>
<record
    xmlns:xsi="http://www.w3.org/2001/XMLSchema-instance"
    xsi:schemaLocation="http://www.loc.gov/MARC21/slim http://www.loc.gov/standards/marcxml/schema/MARC21slim.xsd"
    xmlns="http://www.loc.gov/MARC21/slim">

  <leader>01447nam a2200349   4500</leader>
  <controlfield tag="003">MX-MxINE</controlfield>
  <controlfield tag="005">20260530115322.0</controlfield>
  <controlfield tag="008">260520b2024    mx a|||| |||| 00| 0 spa d</controlfield>
  <datafield tag="020" ind1=" " ind2=" ">
    <subfield code="a">9786076951552</subfield>
  </datafield>
  <datafield tag="040" ind1=" " ind2=" ">
    <subfield code="a">ICI</subfield>
    <subfield code="b">spa</subfield>
    <subfield code="c">ICI</subfield>
    <subfield code="e">rda</subfield>
  </datafield>
  <datafield tag="041" ind1=" " ind2=" ">
    <subfield code="a">spa</subfield>
    <subfield code="a">eng</subfield>
  </datafield>
  <datafield tag="050" ind1=" " ind2=" ">
    <subfield code="a">NK4008.M6</subfield>
    <subfield code="b">T87 2024</subfield>
  </datafield>
  <datafield tag="100" ind1=" " ind2=" ">
    <subfield code="a">Turok Wallace, Marta,</subfield>
    <subfield code="e">autor</subfield>
    <subfield code="9">34590</subfield>
  </datafield>
  <datafield tag="245" ind1=" " ind2=" ">
    <subfield code="a">Mata Ortiz :</subfield>
    <subfield code="b"> Juan Quezada, sue&#xF1;os de barro y fuego = Juan Quezada, dreams of clay and fire /</subfield>
    <subfield code="c">Marta Turok Wallace ; fotograf&#xED;as de Ignacio Guerrero,        Jorge Vertiz, Bobby Furts y John Malmin.</subfield>
  </datafield>
  <datafield tag="264" ind1=" " ind2=" ">
    <subfield code="a">Chihuahua, M&#xE9;xico :</subfield>
    <subfield code="b">Mora P&#xE9;rez Lisset Paulina,</subfield>
    <subfield code="c">2024</subfield>
  </datafield>
  <datafield tag="300" ind1=" " ind2=" ">
    <subfield code="a">313 p&#xE1;ginas</subfield>
    <subfield code="b">ilustraciones</subfield>
  </datafield>
  <datafield tag="336" ind1=" " ind2=" ">
    <subfield code="2">rdacontent</subfield>
    <subfield code="a">texto</subfield>
  </datafield>
  <datafield tag="337" ind1=" " ind2=" ">
    <subfield code="2">rdamedia</subfield>
    <subfield code="a">sin medio</subfield>
  </datafield>
  <datafield tag="338" ind1=" " ind2=" ">
    <subfield code="2">rdacarrier</subfield>
    <subfield code="a">volumen</subfield>
  </datafield>
  <datafield tag="500" ind1=" " ind2=" ">
    <subfield code="a">Texto en espa&#xF1;ol e ingl&#xE9;s.</subfield>
  </datafield>
  <datafield tag="520" ind1=" " ind2=" ">
    <subfield code="a">Estudio documental y fotogr&#xE1;fico sobre la tradici&#xF3;n cer&#xE1;mica de Mata Ortiz, Chihuahua, y el legado art&#xED;stico de Juan Quezada Celado. </subfield>
  </datafield>
  <datafield tag="600" ind1=" " ind2=" ">
    <subfield code="a">Quezada Celado, Juan,</subfield>
    <subfield code="d">1940-2022</subfield>
    <subfield code="9">34591</subfield>
  </datafield>
  <datafield tag="650" ind1=" " ind2=" ">
    <subfield code="a">Cer&#xE1;mica mexicana</subfield>
    <subfield code="x">Historia </subfield>
    <subfield code="9">34592</subfield>
  </datafield>
  <datafield tag="650" ind1=" " ind2=" ">
    <subfield code="a">Alfarer&#xED;a</subfield>
    <subfield code="x">M&#xE9;xico</subfield>
    <subfield code="9">34593</subfield>
  </datafield>
  <datafield tag="650" ind1=" " ind2=" ">
    <subfield code="a">Arte popular</subfield>
    <subfield code="x">M&#xE9;xico.</subfield>
  </datafield>
  <datafield tag="651" ind1=" " ind2=" ">
    <subfield code="a"> Mata Ortiz (Chihuahua, M&#xE9;xico)</subfield>
    <subfield code="9">34595</subfield>
  </datafield>
  <datafield tag="700" ind1=" " ind2=" ">
    <subfield code="a">Guerrero, Ignacio,</subfield>
    <subfield code="e">Fot&#xF3;grafo </subfield>
    <subfield code="9">34596</subfield>
  </datafield>
  <datafield tag="700" ind1=" " ind2=" ">
    <subfield code="a">Vertiz, Jorge,</subfield>
    <subfield code="e">fot&#xF3;grafo.</subfield>
  </datafield>
  <datafield tag="700" ind1=" " ind2=" ">
    <subfield code="a">Furts, Bobby,</subfield>
    <subfield code="e">fot&#xF3;grafo.</subfield>
    <subfield code="9">34597</subfield>
  </datafield>
  <datafield tag="700" ind1=" " ind2=" ">
    <subfield code="a">Malmin, John,</subfield>
    <subfield code="e">fot&#xF3;grafo.</subfield>
    <subfield code="9">34598</subfield>
  </datafield>
  <datafield tag="942" ind1=" " ind2=" ">
    <subfield code="2">lcc</subfield>
    <subfield code="n">1</subfield>
    <subfield code="c">BK</subfield>
  </datafield>
  <datafield tag="999" ind1=" " ind2=" ">
    <subfield code="c">13827</subfield>
    <subfield code="d">13827</subfield>
  </datafield>
</record>
